| 000 | 00424nam a22001697a 4500 | ||
|---|---|---|---|
| 003 | MPLRDC | ||
| 005 | 20220104124327.0 | ||
| 008 | 210129b ||||| |||| 00| 0 eng d | ||
| 082 | _a868.71 FX v.9 | ||
| 100 | _a方修编 | ||
| 245 |
_a马华新文学大系. 九 _c |
||
| 250 | _a一版一刷 | ||
| 260 |
_a _b星洲世界书局有限公司 _c1971 |
||
| 300 | _b精 | ||
| 650 | _a马华文学 | ||
| 942 |
_cBK _o868.71 FX v.9 |
||
| 999 |
_c18449 _d18439 |
||